Análisis funcional / (Record no. 133361)

MARC details
000 -LEADER
campo de control de longitud fija 00662nam a2200193 4500
001 - NÚMERO DE CONTROL
campo de control 133361
003 - IDENTIFICADOR DE NÚMERO DE CONTROL
campo de control ES-MaACL
005 - FECHA Y HORA DE LA ÚLTIMA TRANSACCIÓN
campo de control 20230906194403.0
007 - CAMPO FIJO DE DESCRIPCIÓN FÍSICA--INFORMACIÓN GENERAL
campo de control de longitud fija t|
008 - DATOS DE LONGITUD FIJA--INFORMACIÓN GENERAL
campo de control de longitud fija 070214s1979 sp r ||||1| spa d
100 1# - ENTRADA PRINCIPAL--NOMBRE DE PERSONA
Nombre de persona Rudin, Walter.
9 (RLIN) 100490
245 10 - MENCIÓN DEL TÍTULO
Título Análisis funcional /
Mención de responsabilidad, etc. Walter Rudin ; [versión por Jesús Fernández Novoa y Luis Bou García; revisada por Enrique Linés Escardó].
260 ## - PUBLICACIÓN, DISTRIBUCIÓN, ETC.
Lugar de publicación, distribución, etc. Barcelona [etc.] :
Nombre del editor, distribuidor, etc. Reverté,
Fecha de publicación, distribución, etc. 1979.
300 ## - DESCRIPCIÓN FÍSICA
Extensión XI, 397 p. ;
Dimensiones 22 cm.
700 1# - ENTRADA AGREGADA--NOMBRE PERSONAL
Nombre de persona Fernández Novoa, Jesús.
9 (RLIN) 49960
700 1# - ENTRADA AGREGADA--NOMBRE PERSONAL
Nombre de persona Bou García, Luis.
9 (RLIN) 30816
700 1# - ENTRADA AGREGADA--NOMBRE PERSONAL
Nombre de persona Linés Escardó, Enrique.
9 (RLIN) 72434
852 ## - LOCALIZACIÓN
Ubicación ES-MaACL
Número de control de estantería G-4339
Sublocalización o colección R.100017
Holdings
Estatus retirado Estado de pérdida Estado de daño No para préstamo Biblioteca de origen Biblioteca actual Ubicación en estantería Fecha de adquisición Fuente de adquisición Total de préstamos Signatura topográfica completa Código de barras Visto por última vez Precio de reemplazo Tipo de ítem Koha
        Biblioteca del Ateneo de Madrid Biblioteca del Ateneo de Madrid Depósito 2 17/01/2008     G-4339 1138834 23/02/2023 23/02/2023 Libro impreso